000 00337nam a22001217a 4500
999 _c3715
_d3715
005 20201210152228.0
008 201210b ||||| |||| 00| 0 eng d
020 _a9781138911277
040 _cCML
245 _aWorld Music.
_cMiller T.E.
260 _aNew york
_bCambridge
_c2017
942 _2ddc
_cBK
_e1st Edition
_h780
_mMIL